Gunjat Meera Vani Meerabai Ke Sangeet Paksh Par Aiekagra (Record no. 1311400)

MARC details
000 -LEADER
fixed length control field 00634nam a2200217Ia 4500
005 - DATE AND TIME OF LATEST TRANSACTION
control field 20250505145700.0
008 - FIXED-LENGTH DATA ELEMENTS--GENERAL INFORMATION
fixed length control field 008 250505s9999 xx 000 0 eng d
037 ## - SOURCE OF ACQUISITION
Stock number Textbook
040 ## - CATALOGING SOURCE
Original cataloging agency FML
Language of cataloging hin
Transcribing agency FML
041 ## - LANGUAGE CODE
Language code of text/sound track or separate title hin
Source of code hin
084 ## - COLON CLASSIFICATION NUMBER
Classification number O15,1J31 (NR) R3;1
Assigning agency FML
100 ## - MAIN ENTRY--PERSONAL NAME
Personal name Shukla, Madhurani
245 #0 - TITLE STATEMENT
Title Gunjat Meera Vani Meerabai Ke Sangeet Paksh Par Aiekagra
260 ## - PUBLICATION, DISTRIBUTION, ETC.
Place of publication, distribution, etc. New Delhi , India
Name of publisher, distributor, etc. Kanishka Pub. Dist.
Date of publication, distribution, etc. 2023
300 ## - PHYSICAL DESCRIPTION
Extent 242p
365 ## - TRADE PRICE
Price type code INR
Price amount 900
650 ## - SUBJECT ADDED ENTRY--TOPICAL TERM
Topical term or geographic name entry element Music
700 ## - ADDED ENTRY--PERSONAL NAME
Personal name Shukla, Shambhavi
942 ## - ADDED ENTRY ELEMENTS (KOHA)
Koha item type Textbook
Classification part O15,1J31 (NR) R3;1
Holdings
Withdrawn status Lost status Damaged status Not for loan Home library Current library Date acquired Source of acquisition Cost, normal purchase price Total Checkouts Full call number Barcode Date last seen Price effective from Koha item type
        Department of Music Library Department of Music Library 2025-05-05 Katyayani book 900.00   O15,1J31 (NR) R3;1 MU0016830 2025-05-05 2025-05-05 Textbook
Copyright @ Delhi University Library System